Utilization of organic fertilizers on okra on the crops station of royal university of agriculture, ការប្រើប្រាស់ជីសរីរាង្គទៅលើការលូតលាស់ដំណាំពោតបារាំង នៅស្ថានីយ៍ពិសោធន៍ដំណាំនៃសាកលវិទ្យាល័យភូមិន្្ទកសិកម្ម (Record no. 1688)

000 -LEADER
fixed length control field 00760nam a22001337a 4500
040 ## - CATALOGING SOURCE
Transcribing agency RUA
082 ## - DEWEY DECIMAL CLASSIFICATION NUMBER
Classification number AGR MAY 2012 B050 Or.1
100 ## - MAIN ENTRY--AUTHOR NAME
Personal name MAY, SARAN
245 ## - TITLE STATEMENT
Title Utilization of organic fertilizers on okra on the crops station of royal university of agriculture, ការប្រើប្រាស់ជីសរីរាង្គទៅលើការលូតលាស់ដំណាំពោតបារាំង នៅស្ថានីយ៍ពិសោធន៍ដំណាំនៃសាកលវិទ្យាល័យភូមិន្្ទកសិកម្ម
260 ## - PUBLICATION, DISTRIBUTION, ETC. (IMPRINT)
Place of publication Phnom Penh
Name of publisher RUA
Year of publication 2012
300 ## - PHYSICAL DESCRIPTION
Number of Pages x; 45p.
Other physical details ill.
Dimensions 29cm.
856 ## - ELECTRONIC LOCATION AND ACCESS
Uniform Resource Identifier https://drive.google.com/file/d/1x7CB_19tfJl6fiiP0r84gHCqyMd94YFK/view?usp=sharing
942 ## - ADDED ENTRY ELEMENTS (KOHA)
Koha item type AGR
952 ## - LOCATION AND ITEM INFORMATION (KOHA)
Withdrawn status [LOCAL, KOHA] 0
952 ## - LOCATION AND ITEM INFORMATION (KOHA)
Withdrawn status [LOCAL, KOHA] 0
952 ## - LOCATION AND ITEM INFORMATION (KOHA)
Withdrawn status [LOCAL, KOHA] 0
Holdings
Permanent Location Date acquired Koha item type Lost status Shelving location Barcode Current Location Full call number
Library Block B2015-10-02AGR B050RUA000380Library Block BAGR MAY 2012 B050 Or.1
Library Block B2015-10-02AGR B050RUA000308Library Block BAGR MAY 2012 B050 Or.2
Library Block B2015-10-02AGR B050RUA000456Library Block BAGR MAY 2012 B050 Or.3
មជ្ឈមណ្ឌលឯការនៃសាកលវិទ្យាល័យភូមិន្ទកសិកម្មចំការដូង

Powered by Koha